Canción de hielo y fuego, 1 : (Registro nro. 15968)

000 -CABECERA
campo de control de longitud fija 010903nama22002899 u4500
001 - NÚMERO DE CONTROL
campo de control 000057583
003 - IDENTIFICADOR DEL NÚMERO DE CONTROL
campo de control OSt
005 - FECHA Y HORA DE LA ÚLTIMA TRANSACCIÓN
campo de control 20251023163319.0
008 - DATOS DE LONGITUD FIJA--INFORMACIÓN GENERAL
campo de control de longitud fija 251023b ||||| |||| 00| 0 spa d
020 ## - NÚMERO INTERNACIONAL ESTÁNDAR DEL LIBRO
Número Internacional Estándar del Libro 9789588617152
040 ## - FUENTE DE LA CATALOGACIÓN
Centro/agencia transcriptor CO-Mq BPB
041 ## - CÓDIGO DE LENGUA
Código de lengua del texto/banda sonora o título independiente spa
084 ## - OTRO NÚMERO DE CLASIFICACIÓN
Número de clasificación JN
Número de documento/Ítem MARj
100 ## - ENTRADA PRINCIPAL--NOMBRE DE PERSONA
Nombre de persona Martin, George R. R,
Fechas asociadas al nombre 1948-
Término indicativo de función/relación aut
9 (RLIN) 84601
245 10 - MENCIÓN DE TÍTULO
Título Cancin̤ de hielo y fuego, 1 :
Resto del título Juego de tronos /
Mención de responsabilidad, etc. George R.R. Martin ; traduccin̤ Cristina Macia, Adela Ibę̀z y Natalia Cervera.
250 ## - MENCIÓN DE EDICIÓN
Mención de edición Primera edicin̤, 13a reimpresin̤
264 #1 - PRODUCCIÓN, PUBLICACIÓN, DISTRIBUCIÓN, FABRICACIÓN Y COPYRIGHT
Producción, publicación, distribución, fabricación y copyright Bogot,̀ Colombia :
Nombre del de productor, editor, distribuidor, fabricante Plaza and Janes;2016,
Fecha de producción, publicación, distribución, fabricación o copyright 2016
300 ## - DESCRIPCIÓN FÍSICA
Extensión 795 pg̀inas :
Otras características físicas ilustraciones en blanco y negro, tapa rustica
336 ## - TIPO DE CONTENIDO
Término de tipo de contenido texto
Código de tipo de contenido txt
Fuente rdacontent
337 ## - TIPO DE MEDIO
Nombre/término del tipo de medio sin mediacin̤
Código del tipo de medio n
Fuente rdamedia
338 ## - TIPO DE SOPORTE
Nombre/término del tipo de soporte volumen
Código del tipo de soporte nc
Fuente rdacarrier
650 04 - PUNTO DE ACCESO ADICIONAL DE MATERIA--TÉRMINO DE MATERIA
Término de materia o nombre geográfico como elemento de entrada Literatura estadounidense
9 (RLIN) 56647
650 04 - PUNTO DE ACCESO ADICIONAL DE MATERIA--TÉRMINO DE MATERIA
Término de materia o nombre geográfico como elemento de entrada Novela estadounidense
9 (RLIN) 11415
650 07 - PUNTO DE ACCESO ADICIONAL DE MATERIA--TÉRMINO DE MATERIA
Término de materia o nombre geográfico como elemento de entrada Novela fants̀tica
9 (RLIN) 322593
Fuente del encabezamiento o término lemb
700 1# - PUNTO DE ACCESO ADICIONAL--NOMBRE DE PERSONA
Nombre de persona Macia, Cristina, 1965- , traductora \ Ibę̀z, Adela, traductora \ Cervera, Natalia, traductora
Término indicativo de función/relación trl
9 (RLIN) 198704
942 ## - ELEMENTOS DE PUNTO DE ACCESO ADICIONAL (KOHA)
Tipo de ítem Koha Libro Literatura
Existencias
Estado de retiro Estado de pérdida Fuente del sistema de clasificación o colocación Estado dañado No para préstamo Código de colección Localización permanente Ubicación/localización actual Ubicación en estantería Fecha de adquisición Fuente de adquisición Número de inventario Total de préstamos Renovaciones totales Signatura topográfica completa Código de barras En préstamo Fecha visto por última vez Fecha del último préstamo Número de copia Precio válido a partir de Tipo de ítem Koha Nota pública
          Literatura Juvenil Biblioteca Pública San Juan Bosco Biblioteca Pública San Juan Bosco Literatura 23/10/2025 Compra 2024 NT 3 4 JN MARj MOS504465 13/06/2026 11/05/2026 11/05/2026 Ej.1 23/10/2025 Libro Literatura Quince días

© Todos los derechos reservados para la Biblioteca Pública Municipal San Juan Bosco, 2020
Secretaria de Cultura de Mosquera
Carrera 3 N° 10 Esquina Centro Cultural Barrio El Carmén Teléfono: 8270830 Ext: 34
Funcionando con KOHA
Contacto: Biblioteca Pública Municipal San Juan Bosco/ bibliotecasanjuanbosco@mosquera-cundinamarca.gov.co
Mosquera, Cundinamarca